书目信息 |
| 题名: |
魏源
|
|
| 作者: | 王林 著 | |
| 分册: | ||
| 出版信息: | 西安 陕西师范大学出版总社 2017 |
|
| 页数: | 152页 | |
| 开本: | 24cm | |
| 丛书名: | “大家精要”丛书 | |
| 单 册: | ||
| 中图分类: | B252 | |
| 科图分类: | ||
| 主题词: | ||
| 电子资源: | ||
| ISBN: | 978-7-5613-8733-7 | |
| 000 | 00614oam2 2200229 450 | |
| 001 | 417645 | |
| 005 | 20180527223703.93 | |
| 010 | @a978-7-5613-8733-7@dCNY20.00 | |
| 100 | @a20170427d2017 em y0chiy50 ea | |
| 101 | 0 | @achi |
| 102 | @aCN@b610000 | |
| 105 | @ay z 000yb | |
| 200 | 1 | @a魏源@9wei yuan@f王林著 |
| 210 | @a西安@c陕西师范大学出版总社@d2017 | |
| 215 | @a152页@d24cm | |
| 225 | 2 | @a“大家精要”丛书@h第一辑 |
| 461 | 0 | @12001 @a“大家精要”丛书 |
| 600 | 0 | @a魏源@f1794-1857@x传记 |
| 690 | @aB252@v5 | |
| 701 | 0 | @a王林@9wang lin@4著 |
| 801 | 0 | @aCN@b91MARC@c20170427 |
| 905 | @aMuseLib@dB252@e89 | |
| 魏源/王林著.-西安:陕西师范大学出版总社,2017 |
| 152页;24cm.-(“大家精要”丛书.第一辑) |
| ISBN 978-7-5613-8733-7:CNY20.00 |
| ● |
| 相关链接 |
|
|
|
|
正题名:魏源
索取号:B252/89
 
预约/预借
| 序号 | 登录号 | 条形码 | 馆藏地/架位号 | 状态 | 备注 |
| 1 | 1112259 | 211122596 | 第一样本阅览室/ [索取号:B252/89] | 在馆 | |
| 2 | 1112260 | 211122603 | 教育系资料室/ [索取号:B252/89] | 在馆 | |
| 3 | 1112261 | 211122612 | 教育系资料室/ [索取号:B252/89] | 在馆 | |
| 4 | 1112262 | 211122621 | 第一借阅区/ [索取号:B252/89] | 在馆 |